| 000 | 01142nam a22003131c 4500 | ||
|---|---|---|---|
| 001 | a987674001 | ||
| 003 | RU-10907106 | ||
| 005 | 20240118171150.0 | ||
| 008 | 150630s2008 gw |||| 000u ger d | ||
| 020 |
_a3525358172 _93-525-35817-2 |
||
| 040 |
_cRU-10907106 _bger |
||
| 041 | _ager | ||
| 100 | 1 |
_aRiezler, Kurt _913751 _4aut _eVerfasserIn |
|
| 245 | 0 | 0 |
_aTagebücher, Aufsätze, Dokumente / _cKurt Riezler. Eingel. u. hrsg. von Karl Dietrich Erdmann |
| 250 | _aelektronische Version - Ausgabe von 2008 | ||
| 264 |
_aGöttingen : _bVandenhoeck & Ruprecht, _c2008 |
||
| 300 | _a766 Seiten | ||
| 336 |
_aText _btxt _2rdacontent |
||
| 337 |
_aComputermedien _bc _2rdamedia |
||
| 338 |
_aOnline-Ressource _bcr _2rdacarrier |
||
| 490 | 0 |
_aDeutsche Geschichtsquellen des 19. und 20. Jahrhunderts _v48 |
|
| 500 | _aE-Book / Open Access | ||
| 600 |
_aRiezler, Kurt _913751 |
||
| 630 |
_aTagebücher, Aufsätze, Dokumente _959982 |
||
| 655 | 7 | _aOpen Access | |
| 700 | 1 |
_aErdmann, Karl Dietrich _eHerausgeberIn _99803 |
|
| 856 | 4 |
_uhttp://nbn-resolving.de/urn/resolver.pl?urn:nbn:de:bvb:12-bsb00083388-9 _zfrei zugänglich |
|
| 942 |
_cEB _2z |
||
| 999 |
_c25786 _d25786 |
||